Estudio sobre el alcoholismo y males que ocasiona al individuo, a la familia y a la sociedad (Record no. 138438)

MARC details
000 -LEADER
campo de control de longitud fija 00781nam a2200181 4500
001 - NÚMERO DE CONTROL
campo de control 138438
003 - IDENTIFICADOR DE NÚMERO DE CONTROL
campo de control ES-MaACL
005 - FECHA Y HORA DE LA ÚLTIMA TRANSACCIÓN
campo de control 20250814083045.0
007 - CAMPO FIJO DE DESCRIPCIÓN FÍSICA--INFORMACIÓN GENERAL
campo de control de longitud fija t|
008 - DATOS DE LONGITUD FIJA--INFORMACIÓN GENERAL
campo de control de longitud fija 070214s1904 sp r ||||1| spa d
100 1# - ENTRADA PRINCIPAL--NOMBRE DE PERSONA
Nombre de persona Sangro y Ros de Olano, Pedro,
Títulos y otros términos asociados al nombre Marqués de Guad-el-Jelú.
9 (RLIN) 103144
245 10 - MENCIÓN DEL TÍTULO
Título Estudio sobre el alcoholismo y males que ocasiona al individuo, a la familia y a la sociedad
Resto del título : memoria premiada en los Juegos Florales celebrados en Córdoba el día 20 de mayo de 1904 /
Mención de responsabilidad, etc. escrita por Pedro Sangro y Ros de Olano.
260 ## - PUBLICACIÓN, DISTRIBUCIÓN, ETC.
Lugar de publicación, distribución, etc. Madrid :
Nombre del editor, distribuidor, etc. [s. n.],
Fecha de publicación, distribución, etc. 1904 (
Fabricante Imp. del Asilo de Huerfános del S. C. de Jesús)
300 ## - DESCRIPCIÓN FÍSICA
Extensión 56 p. ;
Dimensiones 24 cm.
711 2# - ENTRADA AGREGADA--NOMBRE DE REUNIÓN
Nombre de congreso/reunión o jurisdicción como elemento de entrada Juegos Florales
Fecha del congreso o de la firma del tratado (1904.
Sede del congreso/Lugar de la reunión Córdoba)
9 (RLIN) 135172
852 ## - LOCALIZACIÓN
Ubicación ES-MaACL
Número de control de estantería T-1028-F-2
Holdings
Estatus retirado Estado de pérdida Estado de daño No para préstamo Colección Biblioteca de origen Biblioteca actual Ubicación en estantería Fecha de adquisición Fuente de adquisición Total de préstamos Signatura topográfica completa Código de barras Visto por última vez Precio de reemplazo Tipo de ítem Koha
        Colección de folletos Biblioteca del Ateneo de Madrid Biblioteca del Ateneo de Madrid Depósito folletos 17/01/2008     T-1028-F-2 1144053 23/02/2023 23/02/2023 Folleto